Perspektívy využívania clusterov pre rozvoj regiónov a národných ekonomík

Stručná charakteristika danej problematiky. Definícia klastrov. Rozdelenie klastrov. Prínosy klastrov.

Guardado en:
Detalles Bibliográficos
Autor principal: Kniežová, Ivana
Formato: Capítulo de libro
Lenguaje:eslovaco
Materias:
Etiquetas: Agregar Etiqueta
Sin Etiquetas, Sea el primero en etiquetar este registro!

MARC

LEADER 00000naa$a2200000$$$4500
001 0073497
005 20240502071855.7
041 0 |a slo 
044 |a SK 
245 1 0 |a Perspektívy využívania clusterov pre rozvoj regiónov a národných ekonomík  |c Ivana Kniežová 
520 |a Stručná charakteristika danej problematiky. Definícia klastrov. Rozdelenie klastrov. Prínosy klastrov. 
610 2 0 |a klaster 
610 2 0 |a spolupráca podnikov 
610 2 0 |a špecializácia 
610 2 0 |a konkurencieschopnosť 
610 2 0 |a produktivita 
610 2 0 |a efektívnosť investícií 
610 2 0 |a inovácia 
100 1 |a Kniežová, Ivana